<?xml version="1.0" encoding="UTF-8"?>
<collection xmlns="http://www.loc.gov/MARC21/slim">
 <record>
  <leader>03814nam a2200637 i 4500</leader>
  <controlfield tag="001">000604617</controlfield>
  <controlfield tag="003">MiAaPQ</controlfield>
  <controlfield tag="005">20190612071107.0</controlfield>
  <controlfield tag="006">m     o  d |</controlfield>
  <controlfield tag="007">cr cnu||||||||</controlfield>
  <controlfield tag="008">160623s2017    enka    ob    001 0 eng|d</controlfield>
  <datafield tag="STA" ind1=" " ind2=" ">
   <subfield code="a">NEZPRACOVANÝ IMPORT</subfield>
  </datafield>
  <datafield tag="020" ind1=" " ind2=" ">
   <subfield code="z">9781472483164 (hbk)</subfield>
  </datafield>
  <datafield tag="020" ind1=" " ind2=" ">
   <subfield code="z">9781472483195 (pbk.)</subfield>
  </datafield>
  <datafield tag="020" ind1=" " ind2=" ">
   <subfield code="z">9781472483164</subfield>
  </datafield>
  <datafield tag="020" ind1=" " ind2=" ">
   <subfield code="a">9781317022879 (e-book)</subfield>
  </datafield>
  <datafield tag="035" ind1=" " ind2=" ">
   <subfield code="a">(MiAaPQ)EBC4709883</subfield>
  </datafield>
  <datafield tag="035" ind1=" " ind2=" ">
   <subfield code="a">(Au-PeEL)EBL4709883</subfield>
  </datafield>
  <datafield tag="035" ind1=" " ind2=" ">
   <subfield code="a">(CaPaEBR)ebr11276050</subfield>
  </datafield>
  <datafield tag="035" ind1=" " ind2=" ">
   <subfield code="a">(CaONFJC)MIL959059</subfield>
  </datafield>
  <datafield tag="035" ind1=" " ind2=" ">
   <subfield code="a">(OCoLC)960758977</subfield>
  </datafield>
  <datafield tag="050" ind1=" " ind2="4">
   <subfield code="a">HF1359</subfield>
   <subfield code="b">.N4685 2017</subfield>
  </datafield>
  <datafield tag="082" ind1="0" ind2=" ">
   <subfield code="a">337</subfield>
   <subfield code="2">23</subfield>
  </datafield>
  <datafield tag="245" ind1="0" ind2="4">
   <subfield code="a">The new economic diplomacy :</subfield>
   <subfield code="b">decision-making and negotiation in international economic relations /</subfield>
   <subfield code="c">edited by Nicholas Bayne and Stephen Woolcock.</subfield>
  </datafield>
  <datafield tag="250" ind1=" " ind2=" ">
   <subfield code="a">Fourth edition.</subfield>
  </datafield>
  <datafield tag="264" ind1=" " ind2="1">
   <subfield code="a">Abingdon, Oxon ;</subfield>
   <subfield code="a">New York, NY :</subfield>
   <subfield code="b">Routledge,</subfield>
   <subfield code="c">2017.</subfield>
  </datafield>
  <datafield tag="300" ind1=" " ind2=" ">
   <subfield code="a">1 online resource (360 pages) :</subfield>
   <subfield code="b">illustrations.</subfield>
  </datafield>
  <datafield tag="336" ind1=" " ind2=" ">
   <subfield code="a">text</subfield>
   <subfield code="2">rdacontent</subfield>
  </datafield>
  <datafield tag="337" ind1=" " ind2=" ">
   <subfield code="a">computer</subfield>
   <subfield code="2">rdamedia</subfield>
  </datafield>
  <datafield tag="338" ind1=" " ind2=" ">
   <subfield code="a">online resource</subfield>
   <subfield code="2">rdacarrier</subfield>
  </datafield>
  <datafield tag="490" ind1="1" ind2=" ">
   <subfield code="a">Global governance</subfield>
  </datafield>
  <datafield tag="500" ind1=" " ind2=" ">
   <subfield code="a">Revised edition of The new economic diplomacy, c2011.</subfield>
  </datafield>
  <datafield tag="504" ind1=" " ind2=" ">
   <subfield code="a">Includes bibliographical references and index.</subfield>
  </datafield>
  <datafield tag="588" ind1=" " ind2=" ">
   <subfield code="a">Description based on print version record.</subfield>
  </datafield>
  <datafield tag="590" ind1=" " ind2=" ">
   <subfield code="a">Electronic reproduction. Ann Arbor, MI : ProQuest, 2016. Available via World Wide Web. Access may be limited to ProQuest affiliated libraries.</subfield>
  </datafield>
  <datafield tag="505" ind1="0" ind2=" ">
   <subfield code="a">Cover -- Title -- Copyright -- CONTENTS -- List of illustrations -- Notes on contributors -- Preface to the fourth revised edition -- List of abbreviations -- 1 What is economic diplomacy? -- 2 Challenge and response in the new economic diplomacy -- 3 Factors shaping economic diplomacy: An analytical toolkit -- 4 How governments conduct economic diplomacy in practice -- 5 NGOs in economic diplomacy -- 6 Serving the private sector: India's economic diplomacy -- 7 Continuity and change in the politics of US trade relations with Russia -- 8 Conceptualizing China's economic diplomacy: Conversion between wealth and power -- 9 Brazilian economic diplomacy: Agriculture and the WTO negotiations -- 10 European Union economic diplomacy -- 11 Economic diplomacy and small developed economies:The case of New Zealand -- 12 The economic diplomacy of small and poor countries in the global trading system -- 13 Lessons from the G7 and G8 for the G20 summit -- 14 Negotiating preferential trade agreements: Motivations and effects -- 15 International financial diplomacy and the crisis -- 16 Climate change negotiations: Pushing diplomacy to its limits -- 17 International investment negotiations: A case of multi-level economic diplomacy -- 18 The future of economic diplomacy -- Index.</subfield>
  </datafield>
  <datafield tag="650" ind1=" " ind2="0">
   <subfield code="a">International economic relations.</subfield>
  </datafield>
  <datafield tag="650" ind1=" " ind2="0">
   <subfield code="a">International cooperation.</subfield>
  </datafield>
  <datafield tag="650" ind1=" " ind2="0">
   <subfield code="a">Commercial policy.</subfield>
  </datafield>
  <datafield tag="650" ind1=" " ind2="0">
   <subfield code="a">Negotiation in business.</subfield>
  </datafield>
  <datafield tag="650" ind1=" " ind2="0">
   <subfield code="a">Decision making.</subfield>
  </datafield>
  <datafield tag="650" ind1=" " ind2="0">
   <subfield code="a">International economic relations</subfield>
   <subfield code="v">Case studies.</subfield>
  </datafield>
  <datafield tag="655" ind1=" " ind2="7">
   <subfield code="a">elektronické knihy</subfield>
   <subfield code="7">fd186907</subfield>
   <subfield code="2">czenas</subfield>
  </datafield>
  <datafield tag="655" ind1=" " ind2="9">
   <subfield code="a">electronic books</subfield>
   <subfield code="2">eczenas</subfield>
  </datafield>
  <datafield tag="700" ind1="1" ind2=" ">
   <subfield code="a">Bayne, Nicholas,</subfield>
   <subfield code="d">1937-</subfield>
   <subfield code="e">editor.</subfield>
  </datafield>
  <datafield tag="700" ind1="1" ind2=" ">
   <subfield code="a">Woolcock, Stephen,</subfield>
   <subfield code="e">editor.</subfield>
  </datafield>
  <datafield tag="776" ind1="0" ind2="8">
   <subfield code="i">Print version:</subfield>
   <subfield code="t">New economic diplomacy : decision-making and negotiation in international economic relations.</subfield>
   <subfield code="d">Abingdon, Oxon : Routledge, 2017</subfield>
   <subfield code="k">Global governance</subfield>
   <subfield code="z">9781472483164</subfield>
  </datafield>
  <datafield tag="797" ind1="2" ind2=" ">
   <subfield code="a">ProQuest (Firm)</subfield>
  </datafield>
  <datafield tag="830" ind1=" " ind2="0">
   <subfield code="a">Global governance (Series) (Ashgate (Firm))</subfield>
  </datafield>
  <datafield tag="856" ind1="4" ind2="0">
   <subfield code="u">https://ebookcentral.proquest.com/lib/vsep/detail.action?docID=4709883</subfield>
   <subfield code="y">Plný text</subfield>
  </datafield>
  <datafield tag="856" ind1="4" ind2="2">
   <subfield code="u">https://knihovna.vse.cz/zdroje/proquest-ebook-central/?info</subfield>
   <subfield code="y">Informace o práci s e-knihami</subfield>
  </datafield>
  <datafield tag="BAS" ind1=" " ind2=" ">
   <subfield code="a">PQ-OWNED</subfield>
  </datafield>
  <datafield tag="BAS" ind1=" " ind2=" ">
   <subfield code="a">EB</subfield>
  </datafield>
  <datafield tag="993" ind1=" " ind2=" ">
   <subfield code="x">NEPOSILAT</subfield>
   <subfield code="y">EB</subfield>
  </datafield>
 </record>
</collection>
